Sculpture - Statistiques

Statistiques générales
  • Ce quiz a été pris 5 fois
  • Le résultat moyen est 10 sur 24
Statistiques - réponses
Catégories Indices Réponses % Correct
Considéré comme un des pères de la sculpture moderne, on lui doit Les Bourgeois de Calais et Le Penseur. Auguste Rodin
100%
L'équivalent femme. Cariatide
80%
Sculpteur français né à Marseille et mort à Paris. Il est connu pour ses compressions radicales (automobiles compactées, métal mis au rebut ou déchets), ses expansions (sculptures en mousse de polyuréthane) et ses représentations fantastiques d'animaux et d'insectes. Il est le créateur du trophée en bronze de la célèbre cérémonie du cinéma français, du trophée du concours de cuisine le Bocuse d'or, abandonné depuis au profit d'une statue du cuisinier, et du pouce de la Défense. César
80%
Sculptrice, dessinatrice, graveuse et plasticienne française, naturalisée américaine. Elle est connue pour ses installations monumentales. Elle est proche des mouvements expressionnistes abstraits et du surréalisme, ainsi que du mouvement féministe, mais reste toute sa vie non affiliée à une mouvance particulière. Maman est une sculpture dédiée à la mère de l'artiste, elle prend la forme d'une gigantesque araignée. Louise Bourgeois
80%
Peintre, plasticien et homme de lettres français, naturalisé américain en 1955. Il est considéré par de nombreux critiques et historiens de l'art comme un artiste majeur du XXe siècle. On lui doit L.H.O.O.Q. (parodie de La Joconde), le tableau Nu descendant un escalier (1912) et l'urinoir en porcelaine Fontaine (1917). Marcel Duchamp
80%
Sculpteur et peintre américain surtout connu pour ses mobiles ainsi nommés sur proposition de Marcel Duchamp lors de leur exposition à Paris en 1932 à la galerie Vignon et ses assemblages de formes animées par les mouvements de l'air. Il est aussi connu pour sa fascination pour le cirque. Alexander Calder
60%
Technique de sculpture qui employait simultanément l'or et l'ivoire. (Antiquité grecque surtout.) Chryséléphantine
60%
Sculpteur roumain naturalisé français considéré comme ayant poussé l'abstraction sculpturale jusqu'à un stade jamais atteint dans la tradition moderniste et il a également ouvert la voie à la sculpture surréaliste, ainsi qu'au courant minimaliste des années 1960. L'œuvre la plus connue, Le Baiser, représente un couple d'amants enlacés, aux formes géométriques, gravés dans un seul bloc de pierre, un pavé suggérant l'éternité de leur amour. Constantin Brâncuși
40%
Peintre et sculpteur colombien. Il est réputé pour ses personnages aux formes rondes et voluptueuses inspirés de l'art précolombien. Sa Nature morte à la mandoline, datant de 1957, constitue la première manifestation de son œuvre inspirée de l'art précolombien et populaire. Fernando Botero
40%
Artiste connu pour ses sculptures animalières, dont le style, caractérisé par le polissage des surfaces et la simplification des formes, marque une rupture avec l'esthétique de la sculpture réaliste héritée du XIXe siècle.Son oeuvre la plus célèbre est L'Ours blanc (1929-Musée d'Orsay, Paris). François Pompon
40%
Du grec ancien glyptós, « objet gravé », est l'art de la gravure des pierres fines, comprenant la taille, et de la sculpture en creux (intaille) ou en relief (camée). Elle exprime le plus souvent des sujets tirés de la mythologie, des religions ou de thèmes culturels ou symboliques. Le savoir-faire de la glyptique est reconnu en France par son inscription à l'Inventaire du patrimoine culturel immatériel. Glyptique
40%
Avec son épouse susnomée, ce sculpteur suisse a créé de gigantesques sculptures dans des parcs de sculptures, notamment le Jardin des Tarots en Toscane. Durant toute leur carrière commune, le couple n'a cessé de susciter l'intérêt des médias. Jean Tinguely
40%
Ensemble d'éléments construits en matériaux légers et disposés de telle façon qu'ils prennent des dispositions variées sous l'influence du vent ou de tout autre moteur. Mobile
40%
Plasticienne, artiste peintre, graveuse, sculptrice franco-américaine naturalisée suisse. Elle a d'abord été mannequin, puis mère de famille avant d'aborder l'art en autodidacte. Avec son mari ci-dessous, elle va réaliser un grand nombre de sculptures-architectures, soit sur commande, soit pour le simple plaisir. On lui doit la Fontaine Stravinsky (proche du Centre Pompidou), Le Cyclop, Nanas, Le Golem (monstre pour enfants, commande de la municipalité de Jérusalem), le Jardin des Tarots (Toscane), L'Arche de Noé (ensemble de sculptures d'animaux) et la fontaine de Château-Chinon (commande de François Mitterrand). Niki de Saint-Phalle
40%
Sculpteurs célèbres Sculpteur grec, Son style se distingue par la fluidité des formes et la délicatesse de l'exécution. Parmi les œuvres qui lui sont attribuées figurent l’Aphrodite de Cnide, l’Apollon sauroctone, l’Hermès portant Dionysos enfant, le Satyre au repos, le Satyre verseur, la Vénus d'Arles. Praxitèle
40%
Statues Statue d'homme, servant de support à un ouvrage d'architecture tel que balcon, corniche, entablement, tribune. Atlante
20%
Désigne dans les arts visuels une attitude du corps humain où l’une des deux jambes porte le poids du corps, l’autre étant libre et légèrement infléchie (Ex : David de Michelangelo). Contrapposto
20%
Sculpteur danois dont l'œuvre la plus connue, La Petite Sirène, attraction touristique majeure de sa ville natale de Copenhague, est un hommage rendu à un conte de l'auteur danois Andersen. Edvard Eriksen
20%
Sculpteur français du XVIIIe siècle. Il entrer à l'Académie royale de peinture et de sculpture et devient un sculpteur très recherché, connu dans les milieux de la noblesse. Il sculpte sur commande, pour ornementer des tombes notamment. Il laisse son nom à une rue et un quartier parisien. Jean-Baptiste Pigalle
20%
Théoricien et figure emblématique de l'art brut, art de pure jubilation, qui serait praticable par n'importe qui, ne nécessiterait ni don ni instruction, qui s'inspirerait des productions de marginaux, d'originaux, de malades mentaux. Oeuvre célèbre : Monument au fantôme (1983, Houston, Texas). Jean Dubuffet
20%
Techniques Expérience spécifique où un artiste s'approprie un objet manufacturé tel quel, en le privant de sa fonction utilitaire. Il lui ajoute un titre, une date, éventuellement une inscription et opère sur lui une manipulation en général sommaire avant de le présenter dans un lieu culturel où le statut d'œuvre d'art lui est alors conféré. Fontaine est un ready-made d'un sculpteur français précédemment cité consistant en un urinoir en porcelaine renversé signé « R. Mutt » et daté 1917. Ready-made
20%
Oeuvre tridimensionnelle composée de une ou plusieurs formes maintenues dans l'espace et en équilibre sur une ou plusieurs tiges. Stabile
20%
Désigne une statue dont la tête, les mains et les pieds sont taillés dans la pierre ou le marbre, tandis que le reste du corps est représenté à l'aide d'un matériau moins coûteux (plâtre, stuc, terre crue ou cuite, voire même simple bâti de bois). Acrolithe
0%
Auteur de figures mythologiques, il est encore plus célèbre pour ses bustes et statues des célébrités de son temps, notamment Voltaire. On l'appelle souvent "le sculpteur des Lumières". Jean-Antoine Houdon
0%
Aucun quiz correspondant
Distribution des résultats
% des personnes avec chaque résultat
Percentile par nombre de réponses
Votre historique - résultats
Vous n’avez pas pris ce quiz